Sports Quiz

Random Sports or Europe Quiz

European Golden Boot Winners Quiz Stats

 Plays Quiz not verified by Sporcle

Score 0/46 Timer 10:00
0 Plays Today
Year- Goals Scored Player % Correct
1997- 34 goalsRonaldo
96.5%
2008- 31 goalsCristiano Ronaldo
96.5%
2010- 34 goalsLionel Messi
96%
2005- 25 goals (joint winner)Diego Forlan
91.6%
2009- 32 goalsDeigo Forlan
91.2%
2004- 40 goalsThierry Henry
89.8%
2005- 25 goals (joint winner)Thierry Henry
89.8%
2007- 26 goalsFrancesco Totti
81.9%
1968- 42 goals Eusebio
76.5%
1973- 40 goalsEusebio
76.5%
2001- 35 goalsHenrik Larsson
75.7%
1970- 38 goalsGerd Muller
67.3%
1972- 40 goalsGerd Muller
67.3%
2000- 30 goalsKevin Phillips
57.1%
2003- 29 goalsRoy Makaay
55.8%
2006- 31 goalsLuca Toni
55.3%
1990- 38 goals (joint winner)Hugo Sanchez
52.7%
1990- 38 goals (joint winner)Hristo Stoichkov
50.4%
1992- 34 goalsAlly McCoist
46.5%
1993- 34 goalsAlly McCoist
46.5%
1984- 32 goalsIan Rush
44.7%
1999- 36 goalsMario Jardel
37.2%
2002- 42 goalsMario Jardel
37.2%
Year- Goals Scored Player % Correct
1991- 34 goalsDarko Pancev
10.6%
1986- 37 goalsMarco van Basten
10.2%
1998- 34 goalsNikos Machlas
10.2%
1978- 41 goalsHans Krankl
8%
1987- 39 goals (joint winner)Toni Polster
6.6%
1983- 36 goalsFernando Gomes
5.3%
1985- 39 goalsFernando Gomes
5.3%
1982- 32 goalsWim Kieft
4.4%
1979- 34 goalsKees Kist
4%
1971- 44 goalsJosip Skoblar
3.1%
1974- 46 goalsHector Yazalde
2.7%
1994-43 goalsDavid Taylor
2.2%
1969- 36 goalsPetar Zhekov
1.8%
1975- 33 goalsDudu Georgescu
1.8%
1977- 47 goalsDude Georgescu
1.8%
1988- 39 goalsTanju Colak
1.8%
1989- 43 goalsDorin Mateut
1.8%
1980- 39 goalsErwin Vandenbergh
1.3%
1987- 44 goals (joint winner)Rodion Camataru
1.3%
1976- 39 goalsSotiris Kaiafas
0.9%
1981- 31 goalsGeorgi Slavkov
0.9%
1995- 39 goalsArsen Avetisyan
0.9%
1996- 40 goalsZviad Endeladze
0.9%

You're not logged in!

Compare scores with friends on all Sporcle quizzes.
OR
Log In

Show Comments

Extras

Top Quizzes Today


Score Distribution

Your Account Isn't Verified!

In order to create a playlist on Sporcle, you need to verify the email address you used during registration. Go to your Sporcle Settings to finish the process.

Report this User

Report this user for behavior that violates our Community Guidelines.

Details: